Statistics for Failed Invasions

Click here to take the quiz!

General Stats

  • This quiz has been taken 417 times
  • The average score is 11 of 20

Answer Stats

HintAnswer% Correct
1812RussiaFrance
92%
1940GreeceItaly
85%
1979Soviet UnionAfghanistan
83%
1990IraqKuwait
82%
1982United KingdomArgentina
78%
1812United StatesCanada
77%
1980IraqIran
73%
1973IsraelEgypt
72%
1942United StatesJapan
72%
1588EnglandSpain
69%
1274MongolsJapan
67%
1941GermanySoviet Union
54%
1961CubaUnited States
48%
1915United KingdomOttoman Empire
38%
1815United StatesUnited Kingdom
32%
1709RussiaSweden
28%
71Roman EmpireScotland
22%
732MoorsFranks
10%
1565Ottoman EmpireMalta
10%
1529Ottoman EmpireHoly Roman Empire
8%

Score Distribution

Percentile by Number Answered

Percent of People with Each Score

Your Score History

You have not taken this quiz